000 01219nam a2200277 a 4500
001 000040925
003 DO-SdBNP
005 20250702113508.0
008 090902s2006 dr 001 0 spa d
040 _aDO-SdBNP
_bspa
_cBNPHU
082 _a378.7293
_bR426i
110 1 _aRepública Dominicana.
_bSecretaría de Estado de Educación Superior, Ciencia y Tecnología
_918778
245 1 0 _aInnovación, educación superior y actividad empresarial en la República Dominicana :
_bun análisis sobre la articulación de empresas, gobierno y sector educativo superior en busca de la competitividad, resumen ejecutivo.
260 _aSanto Domingo :
_bMESCyT,
_c2006.
300 _a71 p. ;
_c24 cm.
504 _aBibliografía: p.69-71.
590 _aInventariado, 2018/ YL
650 0 _aInnovaciones educativas
_zRepública Dominicana
_917115
650 0 _aCooperación Universidad-Industria
_964990
650 0 _a Competencia económica
_98351
650 4 _aIndustria
_xInnovaciones tecnológicas
_964991
650 4 _aFormación profesional
_zRepública Dominicana
_918773
710 2 2 _aGrupo de Consultoría Pareto (República Dominicana)
_918777
910 _aValidado. Control de calidad EMS
942 _2ddc
_cLBS1
999 _c40415
_d40415